
Library Catalogue

| 000 -LEADER | |
|---|---|
| fixed length control field | 00907cam a22001938i 4500 |
| 005 - DATE AND TIME OF LATEST TRANSACTION | |
| control field | 20260402145011.0 |
| 008 - FIXED-LENGTH DATA ELEMENTS--GENERAL INFORMATION | |
| fixed length control field | 230206s2023 nyu b 001 0 eng |
| 020 ## - INTERNATIONAL STANDARD BOOK NUMBER | |
| International Standard Book Number | 9781350374454 (pbk) |
| 082 00 - DEWEY DECIMAL CLASSIFICATION NUMBER | |
| Classification number | 174.90063 ADI |
| 100 1# - MAIN ENTRY--PERSONAL NAME | |
| Personal name | Adib-Moghaddam, Arshin |
| 245 10 - TITLE STATEMENT | |
| Title | Is artificial intelligence racist? : |
| Remainder of title | the ethics of AI and the future of humanity / |
| Statement of responsibility, etc. | Arshin Adib-Moghaddam |
| 264 #1 - PRODUCTION, PUBLICATION, DISTRIBUTION, MANUFACTURE, AND COPYRIGHT NOTICE | |
| Place of production, publication, distribution, manufacture | New York : |
| Name of producer, publisher, distributor, manufacturer | Bloomsbury Academic, |
| Date of production, publication, distribution, manufacture, or copyright notice | 2023. |
| 300 ## - PHYSICAL DESCRIPTION | |
| Extent | 151 p. ; |
| Dimensions | 18 cm. |
| 365 ## - TRADE PRICE | |
| Price amount | Rs. 3023.00 |
| 505 ## - FORMATTED CONTENTS NOTE | |
| Formatted contents note | Introduction - I-Mensch: Racist Artificial Intelligence and the Future of Humanity;<br/>1 Beyond Human Robots;<br/>2 The Matrix Decoded;<br/>3 Capital Punishment;<br/>4 Techno-Imperialism;<br/>5 Death-Techniques;<br/>Conclusion - Decolonized AI: A Manifesto for the Future;<br/>Selected bibliography;<br/>Index. |
| 650 #0 - SUBJECT ADDED ENTRY--TOPICAL TERM | |
| Topical term or geographic name entry element | Artificial intelligence |
| General subdivision | Moral and ethical aspects. |
| 650 #0 - SUBJECT ADDED ENTRY--TOPICAL TERM | |
| Topical term or geographic name entry element | Humanity. |
| 942 ## - ADDED ENTRY ELEMENTS (KOHA) | |
| Source of classification or shelving scheme | Dewey Decimal Classification |
| Koha item type | BOOKs |
| Withdrawn status | Lost status | Source of classification or shelving scheme | Materials specified (bound volume or other part) | Damaged status | Not for loan | Home library | Current library | Shelving location | Date acquired | Source of acquisition | Cost, normal purchase price | Total Checkouts | Full call number | Barcode | Date last seen | Price effective from | Koha item type | Public note |
|---|---|---|---|---|---|---|---|---|---|---|---|---|---|---|---|---|---|---|
| Dewey Decimal Classification | PB | . | . | General Stacks | 09.02.2024 | Purchased - Educational Supplies | 3029.00 | 174.90063 ADI | 39463 | 09.02.2024 | 09.02.2024 | BOOKs | Recommended by Dr. Arul George Scaria |